Sociology : A systematic introduction / (Record no. 2037)
[ view plain ]
| 000 -LEADER | |
|---|---|
| fixed length control field | 00458cam a2200181ua 4500 |
| 041 ## - LANGUAGE CODE | |
| Language code of text/sound track or separate title | eng |
| 082 ## - DEWEY DECIMAL CLASSIFICATION NUMBER | |
| Classification number | 301 |
| Item number | JOH/SO |
| 100 ## - MAIN ENTRY--AUTHOR NAME | |
| Personal name | Johnson, Harry.M . |
| 245 ## - TITLE STATEMENT | |
| Title | Sociology : A systematic introduction / |
| 250 ## - EDITION STATEMENT | |
| Edition statement | 1 / |
| 260 ## - PUBLICATION, DISTRIBUTION, ETC. (IMPRINT) | |
| Place of publication | Mumbai : |
| Name of publisher | Allied Publishers Pvt Ltd , |
| Year of publication | 1966. |
| 300 ## - PHYSICAL DESCRIPTION | |
| Number of Pages | 687 ; . |
| 942 ## - ADDED ENTRY ELEMENTS (KOHA) | |
| Koha item type | Books |
| Withdrawn status | Lost status | Damaged status | Home library | Current library | Date acquired | Full call number | Accession Number | Koha item type |
|---|---|---|---|---|---|---|---|---|
| Withdrawn | KAUAET | Sanskrit University | 07/04/2012 | 301 | 10324 | Books |
